| 000 | 00846nam a2200265 a 4500 | ||
|---|---|---|---|
| 001 | 000009174 | ||
| 003 | DO-SdBNP | ||
| 005 | 20221124113242.0 | ||
| 007 | ta | ||
| 008 | 090928s1986 dr 000 p spa d | ||
| 040 |
_aDO-SdBNP _bspa _cBPMSU |
||
| 082 | 4 |
_aRD861.4 _bB516zh,1986 _222 |
|
| 100 | 1 |
_a Bermúdez, Federico, _d1884-1921 |
|
| 245 | 1 | 4 |
_aLos humildes / _cFederico Bermúdez. |
| 250 | _a2a ed. | ||
| 260 |
_aSanto Domingo : _bAlfa y Omega, _c1986. |
||
| 300 |
_a110 p. ; _c20 cm. |
||
| 500 | _aIncluye crítica e interpretación de la obra de Federico Bermúdez Ortega realizada por Joaquín Balaguer | ||
| 590 | _aInventariado, 2022/VM | ||
| 600 | 1 | 4 |
_a Bermúdez, Federico, _d1884-1921 _xCrítica e interpretación |
| 650 | 4 | _aPoesía dominicana | |
| 650 | 4 | _aLiteratura dominicana. | |
| 910 | _aVMateo V./Validado | ||
| 942 |
_2ddc _cBK |
||
| 999 |
_c14348 _d14348 |
||